| 000 | 00495 a2200169 4500 | ||
|---|---|---|---|
| 999 |
_c9443 _d9443 |
||
| 020 | _a9780198735717 | ||
| 050 | _aKD7325 SIM 2015 | ||
| 100 |
_aSime, Stuart _eauthor |
||
| 245 |
_aA practical approach to civil procedure / _cStuart Sime |
||
| 250 | _a18th ed. | ||
| 264 |
_aOxford : _bOxford University Press, _c2015. |
||
| 300 |
_a593p. : _bill. |
||
| 500 | _aIncludes index | ||
| 650 | _aCivil procedure -- Great Britain | ||
| 651 | _aGreat Britain | ||
| 942 |
_2lcc _cBK _e18th ed. _h7325 _iSIM _kKD |
||